| 000 | 00576nam a22001933a 4500 | ||
|---|---|---|---|
| 005 | 20240621063642.0 | ||
| 008 | 010531s1998 mx fr 000 0 spa d | ||
| 020 | _a9701819969 | ||
| 035 | _aUPN01000116903 | ||
| 049 | _aCG | ||
| 050 | 4 |
_aPQ2469 _bC3.88 |
|
| 100 | 1 |
_aVerne, Jules, _d1828-1905 _927907 |
|
| 245 | 1 | 3 |
_aEl castillo de los carpatos / _cJules Verne ; tr. L. Palomeque. |
| 260 |
_aMéxico : _bCNCA, Dirección General de Publicaciones, _c1998. |
||
| 300 | _a183 p. | ||
| 440 | 0 |
_aClásicos para hoy ; _v35 |
|
| 650 | 0 |
_aLiteratura francesa _95152 |
|
| 905 | _aLibro | ||
| 999 |
_c89545 _d89545 |
||